00842nam a22002417a 4500001000500000005001700005020001800022040002900040082000800069100002700077245013500104260003100239300002200270490002300292505000600315520013600321521001900457521001800476650001200494700003500506700002700541700003200568151720231002084844.0 a9789924341017 aFISKHbengcFISKHdFISKH a708 aChheang, Sun Heng Meng aPromenade au Musee national du CambodgecOuvrage collectif, rédigé sous la direction de Sun Heng Meng Chheang et Marie Caillat aPhnom Phen :bSipar,c2020 a48 pages :c21 cm 3je voudrais savoir aU aThis book provides a broad overview of Cambodian history and the main features and attractions at the National Museum of Cambodia.  a1000 bLexile aU bRaz-Plus 2Museums aVelychko, Katerinactranslator aCaillat, Mariecauthor aCollins, Darylcproofreader